[Event "San Fernando op 16th"]
[Site "Cadiz"]
[Date "2002.07.27"]
[Round "5"]
[White "Mata Bueso, Enrique"]
[Black "Ortega Salvador, Rafael"]
[Result "1-0"]
[WhiteElo "2110"]
[BlackElo "1870"]
[PlyCount "55"]
[EventDate "2002.07.24"]
[EventType "swiss"]
[EventRounds "7"]
[EventCountry "ESP"]
[SourceTitle "CBM 089 Extra"]
[Source "ChessBase"]
[SourceDate "2002.09.10"]
[SourceVersion "2"]
[SourceVersionDate "2002.09.10"]
[SourceQuality "1"]

1. e4 c6 2. d4 d5 3. exd5 cxd5 4. Bd3 Nf6 5. c3 Bg4 6. Ne2 e6 7. Bf4 Nc6 8. Nd2 Bd6 9. Bxd6 Qxd6 10. h3 Bh5 11. f4 Bxe2 12. Qxe2 Qxf4 13. 0-0-0 0-0 14. Kb1 Nd7 15. g4 e5 16. Bf5 Nb6 17. dxe5 Nxe5 18. Qxe5 Qxd2 19. Rh2 Qh6 20. g5 Qh4 21. Re2 Kh8 22. Bg4 f6 23. gxf6 gxf6 24. Qc7 Nc4 25. Rxd5 Ne5 26. Bf5 Qh5 27. Rdxe5 Rac8 28. Qe7 1-0